000 00665nam a2200181Ia 4500
008 090630s9999 xx 000 0 und d
082 _b13179
100 _aचंपानेरकर मनोहर.
245 _aबौध्दिक चाचण्या.
_cचंपानेरकर मनोहर.
260 _bजयदीप.
_c1991
300 _a46
600 _aचंपानेरकर मनोहर.
630 _aबौध्दिक चाचण्या.
655 _aबालवाङमय.
700 _aचंपानेरकर मनोहर.
730 _aबौध्दिक चाचण्या.
942 _cBOOK
999 _c265035
_d265035